Desarrollo de un sistema de gestión ambiental en Pieles Costarricenses S.A
Uloženo v:
| Hlavní autor: | |
|---|---|
| Další autoři: | , |
| Médium: | Kniha |
| Vydáno: |
San José, C.R.
1998
|
| Témata: | |
| Tagy: |
Přidat tag
Žádné tagy, Buďte první, kdo vytvoří štítek k tomuto záznamu!
|
MARC
| LEADER | 00000nam a2200000Ia 4500 | ||
|---|---|---|---|
| 003 | 008666 | ||
| 005 | 20221231144228.0 | ||
| 008 | 140114s1998 cr a m 000 ||s d | ||
| 040 | |c cru CEDI | ||
| 090 | |a TFG 3763 | ||
| 100 | |a Barquero Salas, Rafael A. |9 9273 | ||
| 245 | |a Desarrollo de un sistema de gestión ambiental en Pieles Costarricenses S.A | ||
| 260 | |c 1998 |a San José, C.R. | ||
| 300 | |a xviii, [256] hojas : ilustraciones | ||
| 500 | |a Proyecto de graduación (licenciatura en ingeniería industrial)--Universidad de Costa Rica. Facultad de Ingeniería. Escuela de Ingeniería Industrial | ||
| 650 | |x PIELES COSTARRICENSES - ADMINISTRACION |x EVALUACION DEL IMPACTO AMBIENTAL |x CONTROL AMBIENTAL - COSTA RICA |9 9276 | ||
| 700 | |9 9274 |a Nassar Guier, Mario | ||
| 700 | |9 9275 |a Rodríguez Elizondo, Rodolfo | ||
| 942 | |c TFG | ||
| 999 | |c 18746 |d 18746 | ||
